000 01945nam a2200457Ic 4500
001 58929
003 CO-BoRNBP
005 20250829201153.0
007 ta
008 210824s2013 ck d er 000 0dspa d
020 _a9789589136706
040 _aCO-BoRNBP
_bspa
_erda
_cCO-BoRNBP
041 0 _aspa
082 0 _a333.72
_bC65m
_222
111 2 _aConferencia de las Naciones Unidas sobre el Desarrollo Sostenible. Cumbre de la Tierra Río +20
_d(2012
_cRío de Janeiro)
_964417
111 2 _aConferencia de las Naciones Unidas sobre el Desarrollo Sostenible. Cumbre de la Tierra Río +20
_d(2012
_cRío de Janeiro)
_964417
245 1 0 _aMedio ambiente :
_bdeterioro o solución /
_cCumbre de la Tierra Rio+20 ; Margarita Flórez... [y otros ocho].
250 _aPrimera edición
264 1 _aBogotá, Colombia :
_bEdiciones Aurora,
_c2013
300 _a174 páginas :
_bilustraciones, gráficos
336 _atexto
_btxt
_2rdacontent
337 _asin mediación
_bn
_2rdamedia
338 _avolumen
_bnc
_2rdacarrier
504 _aIncluye referencias bibliográficas
521 _aRecomendado para un público adulto
545 _aIncluye datos biográficos de los autores en la solapa
650 0 7 _aMedio Ambiente
_vCongresos, conferencias, etc.
_2LEMB
_964418
650 0 7 _aPolítica ambiental
_vCongresos, conferencias, etc.
_2lemb
_964419
650 0 7 _aRecursos naturales
_xConservación
_vDiccionarios, enciclopedias, etc.
_2lemb
_964420
700 _aArisi, Barbara
_eaut
_964421
700 _aCaliari, Aldo
_eaut
_964422
700 _aFlores, Teresa
_eaut
_964423
700 _aFlórez, Margarita
_eaut
_964424
700 _aFurtado, Fabrina
_eaut
_964425
700 _aLampis, Andrea
_eaut
_964426
700 _aMaya, Ana Lucía
_eaut
_964427
700 _aMéndez, Olga Lucía
_eaut
_964428
700 _aValencia, María
_eaut
_964429
711 2 _aCumbre de la Tierra Río+20
_cRío de Janeiro, Brasil
_d2012
_964430
942 _2ddc
_cBK
999 _c58929
_d58929